000 00594nam a2200229Ia 4500
003 OSt
005 20220928102213.0
006 a|||||r|||| 00| 0
007 ta
008 220927b |||||||| |||| 00| 0 eng d
024 _a10088
037 _cTextual
040 _aSDCL
_cSDCL
_beng
041 _2eng
_aeng
082 _aO152,2:g, P6
100 _aPandey Rajendra
_9397108
245 0 _aPatkatha kaise likhen.
260 _aNew Delhi
_bVaani Prakashan
_c2006
300 _a147p
_ccm.
942 _hO152,2:g, P6
_cTEXL
_2CC
999 _c712897
_d712897